Random Country to Capital Multiple Choice Quiz - Statistics

General Stats
  • This quiz has been taken 70 times
  • The average score is 12 of 15
Answer Stats
Question Answer % Correct
United Arab Emirates Abu Dhabi
100%
Nigeria Abuja
100%
Ghana Accra
100%
Ethiopia Addis Ababa
100%
Algeria Algiers
100%
Jordan Amman
100%
Netherlands Amsterdam
100%
Andorra Andorra la Vella
100%
Madagascar Antananarivo
100%
Samoa Apia
100%
Eritrea Asmara
100%
Greece Athens
100%
Iraq Baghdad
100%
Mali Bamako
100%
Thailand Bangkok
100%
China Beijing
100%
Germany Berlin
100%
Guinea-Bissau Bissau
100%
Colombia Bogotá
100%
Brazil Brasília
100%
Slovakia Bratislava
100%
Romania Bucharest
100%
Hungary Budapest
100%
Argentina Buenos Aires
100%
Egypt Cairo
100%
Australia Canberra
100%
Venezuela Caracas
100%
Saint Lucia Castries
100%
Moldova Chișinău
100%
Guinea Conakry
100%
Denmark Copenhagen
100%
Syria Damascus
100%
Djibouti Djibouti
100%
Qatar Doha
100%
Ireland Dublin
100%
Sierra Leone Freetown
100%
Cuba Havana
100%
Finland Helsinki
100%
Pakistan Islamabad
100%
Indonesia Jakarta
100%
Israel Jerusalem
100%
Afghanistan Kabul
100%
Sudan Khartoum
100%
Rwanda Kigali
100%
Jamaica Kingston
100%
Democratic Republic of the Congo Kinshasa
100%
Portugal Lisbon
100%
Slovenia Ljubljana
100%
United Kingdom London
100%
Angola Luanda
100%
Spain Madrid
100%
Marshall Islands Majuro
100%
Maldives Malé
100%
Nicaragua Managua
100%
Philippines Manila
100%
Mexico Mexico City
100%
Belarus Minsk
100%
Liberia Monrovia
100%
Oman Muscat
100%
Kenya Nairobi
100%
Myanmar Naypyidaw
100%
Chad N'Djamena
100%
India New Delhi
100%
Norway Oslo
100%
Canada Ottawa
100%
Panama Panama City
100%
France Paris
100%
Cambodia Phnom Penh
100%
Montenegro Podgorica
100%
Benin Porto-Novo / Cotonou
100%
Vanuatu Port Vila
100%
Czech Republic Prague
100%
North Korea Pyongyang
100%
Ecuador Quito
100%
Morocco Rabat
100%
Latvia Riga
100%
Italy Rome
100%
Yemen Sana'a
100%
Costa Rica San José
100%
San Marino San Marino
100%
São Tomé and Príncipe São Tomé
100%
South Korea Seoul
100%
Singapore Singapore
100%
Sweden Stockholm
100%
Taiwan Taipei
100%
Uzbekistan Tashkent
100%
Georgia Tbilisi
100%
Honduras Tegucigalpa
100%
Iran Tehran
100%
Bhutan Thimphu
100%
Albania Tirana
100%
Japan Tokyo
100%
Liechtenstein Vaduz
100%
Malta Valletta
100%
Vatican City Vatican City
100%
Austria Vienna
100%
United States Washington D.C.
100%
New Zealand Wellington
100%
Armenia Yerevan
100%
Guyana Georgetown
80%
Monaco Monaco
80%
Senegal Dakar
75%
Kuwait Kuwait City
75%
Saudi Arabia Riyadh
75%
Seychelles Victoria
75%
Paraguay Asunción
67%
Saint Kitts and Nevis Basseterre
67%
Lebanon Beirut
67%
Malaysia Kuala Lumpur
67%
Zambia Lusaka
67%
Comoros Moroni
67%
Bahamas Nassau
67%
Cyprus Nicosia
67%
Mauritania Nouakchott
67%
Burkina Faso Ouagadougou
67%
Cape Verde Praia
67%
Iceland Reykjavík
67%
El Salvador San Salvador
67%
North Macedonia Skopje
67%
Bulgaria Sofia
67%
Mongolia Ulaanbaatar
67%
Brunei Bandar Seri Begawan
60%
Haiti Port-au-Prince
60%
East Timor Dili
50%
Solomon Islands Honiara
50%
Nepal Kathmandu
50%
Ukraine Kiev
50%
Gabon Libreville
50%
Malawi Lilongwe
50%
Mozambique Maputo
50%
Tonga Nukuʻalofa
50%
Federated States of Micronesia Palikir
50%
Mauritius Port Louis
50%
South Africa Pretoria / Cape Town / Bloemfontein
50%
Kosovo Pristina
50%
Chile Santiago
50%
Estonia Tallinn
50%
Tunisia Tunis
50%
Lithuania Vilnius
50%
Ivory Coast Yamoussoukro
50%
Nauru Yaren
50%
Republic of the Congo Brazzaville
33%
Botswana Gaborone
33%
Eswatini Mbabane
33%
Laos Vientiane
33%
Namibia Windhoek
33%
Turkey Ankara
0%
Turkmenistan Ashgabat
0%
Azerbaijan Baku
0%
Central African Republic Bangui
0%
Gambia Banjul
0%
Serbia Belgrade
0%
Belize Belmopan
0%
Switzerland Bern
0%
Kyrgyzstan Bishkek
0%
Barbados Bridgetown
0%
Belgium Brussels
0%
Bangladesh Dhaka
0%
Tanzania Dodoma
0%
Tajikistan Dushanbe
0%
Tuvalu Funafuti
0%
Burundi Gitega
0%
Guatemala Guatemala City
0%
Vietnam Hanoi
0%
Zimbabwe Harare
0%
South Sudan Juba
0%
Uganda Kampala
0%
Saint Vincent and the Grenadines Kingstown
0%
Bolivia La Paz / Sucre
0%
Peru Lima
0%
Togo Lomé
0%
Luxembourg Luxembourg
0%
Equatorial Guinea Malabo
0%
Bahrain Manama
0%
Lesotho Maseru
0%
Somalia Mogadishu
0%
Uruguay Montevideo
0%
Russia Moscow
0%
Palau Ngerulmud
0%
Niger Niamey
0%
Kazakhstan Nur-Sultan
0%
Suriname Paramaribo
0%
Papua New Guinea Port Moresby
0%
Trinidad and Tobago Port-of-Spain
0%
Dominica Roseau
0%
Grenada Saint George's
0%
Antigua and Barbuda Saint John's
0%
Dominican Republic Santo Domingo
0%
Bosnia and Herzegovina Sarajevo
0%
Kiribati South Tarawa
0%
Sri Lanka Sri Jayawardenepura Kotte
0%
Fiji Suva
0%
Libya Tripoli
0%
Poland Warsaw
0%
Cameroon Yaoundé
0%
Croatia Zagreb
0%
No matching quizzes found
Score Distribution
Percent of People with Each Score
Percentile by Number Answered
Your Score History
You have not taken this quiz